000 00724nam a22001931a 4500
001 2516
003 OSt
005 20260204211815.0
008 040310s ||||dr ||||||b||||||||||spa||
050 _aRD 336.2 S218d
082 _aRD 336.2 S218d
100 _aSandoval Peralta, Carlos
245 _aDerecho tributario y promoción filantrópica; capacitación y transferencia de conocimiento y experiencias / Carlos Sandoval
264 _aSanto Domingo : INTEC, BID
300 _a58 p.
490 _aColección Sociedad Civil. Serie. Documentos de Trabajo il
650 _a1.Impuestos - República Dominicana 2.Extensión de Impuestos - República Dominicana 3.Sociedad Civil - República DominicanaÌ
942 _2ddc
_cBK
999 _c2516
_d2516